<?xml version="1.0" encoding="UTF-8"?>
<record
    xmlns:xsi="http://www.w3.org/2001/XMLSchema-instance"
    xsi:schemaLocation="http://www.loc.gov/MARC21/slim http://www.loc.gov/standards/marcxml/schema/MARC21slim.xsd"
    xmlns="http://www.loc.gov/MARC21/slim">

  <leader>00189nam a2200085   4500</leader>
  <controlfield tag="001">1258882</controlfield>
  <controlfield tag="005">20260401134626.0</controlfield>
  <datafield tag="245" ind1=" " ind2=" ">
    <subfield code="a">M&#xDC;HEND&#x130;SL&#x130;K </subfield>
    <subfield code="c">D&#x130;LEK &#x130;&#x15E;LER HAIRLI</subfield>
  </datafield>
  <datafield tag="260" ind1=" " ind2=" ">
    <subfield code="b">T&#xDC;B&#x130;TAK</subfield>
  </datafield>
  <datafield tag="999" ind1=" " ind2=" ">
    <subfield code="c">1258882</subfield>
    <subfield code="d">1258882</subfield>
  </datafield>
  <datafield tag="952" ind1=" " ind2=" ">
    <subfield code="0">0</subfield>
    <subfield code="1">0</subfield>
    <subfield code="2">ddc</subfield>
    <subfield code="4">0</subfield>
    <subfield code="7">0</subfield>
    <subfield code="a">1061</subfield>
    <subfield code="b">1061</subfield>
    <subfield code="d">2026-04-01</subfield>
    <subfield code="l">1</subfield>
    <subfield code="o">A 22</subfield>
    <subfield code="p">1061286201</subfield>
    <subfield code="r">2026-04-28 10:48:24</subfield>
    <subfield code="s">2026-04-21</subfield>
    <subfield code="w">2026-04-01</subfield>
    <subfield code="y">BK</subfield>
  </datafield>
</record>
